Score 0/11 Timer 02:00
1 Play Today
Hint 5-Letter Word % Correct
Singer Manilow or WhiteBARRY
96.1%
Bad, like old breadMOLDY
95.4%
Actress Halle• BERRY •
95.2%
Tom Hanks in “Toy Story”WOODY
95.1%
To fretWORRY
94.3%
Ringwald of 'Sixteen Candles'MOLLY
92.2%
Comic Cable GuyLARRY
92.1%
VerboseWORDY
91.8%
Alastor “Mad Eye” ____MOODY
91.6%
Truck in the UKLORRY
91.3%
Actress Hunter• HOLLY •
88%

Today's Daily Dose

Remove Ads.
Support Sporcle.
Get the best of Sporcle when you Go Orange. This ad-free experience offers more features, more stats, and more fun while also helping to support Sporcle. Thank you for becoming a member.

You're not logged in!

Compare scores with friends on all Sporcle quizzes.
OR
Log In

Show Comments

Extras

Top Quizzes Today


Score Distribution

Your Account Isn't Verified!

In order to create a playlist on Sporcle, you need to verify the email address you used during registration. Go to your Sporcle Settings to finish the process.

Report this User

Report this user for behavior that violates our Community Guidelines.

Details: